00494nam a2200145 a 450000100100000000500170001000800410002702000180006804000250008610000350011124500840014626000670023030000210029750400300031800003128720200930062827.0110617s2011 dr 000 0 spa d a9789945875713 aDO-SdBNPbspacBNPHU1 aBircann Sánchez, Juan Carlos10aEstudios sobre criminología y derecho penal /cJuan Carlos Bircann Sánchez. aSanto Domingo :bEscuela Nacional Ministerio Público,c2011. a158 p. ;c24 cm. aBibliografía: p.151-155